Top 15 Highest Pork Consuming Countries - Statistics

General Stats
  • This quiz has been taken 21 times
  • The average score is 8 of 15
Answer Stats
Hint Answer % Correct
40.16 China
100%
51.65 Poland
75%
56.50 Spain
70%
42.82 Austria
60%
47.28 Czech Republic
60%
40.24 Portugal
60%
47.08 Hungary
55%
41.34 South Korea
55%
40.11 Slovakia
50%
57.39 Croatia
40%
48.07 Latvia
40%
48.86 Lithuania
40%
49.11 Serbia
35%
53.47 Montenegro
25%
52.57 Hong Kong
0%
No matching quizzes found
Score Distribution
Percent of People with Each Score
Percentile by Number Answered
Your Score History
You have not taken this quiz